| 000 | 00877nam a2200205 i 4500 | ||
|---|---|---|---|
| 001 | 39358 | ||
| 003 | ES-MaACL | ||
| 005 | 20230906155946.0 | ||
| 007 | t| | ||
| 008 | 030227s1896 sp |||| | spa d | ||
| 080 | _a626.1(460.27) | ||
| 245 | 0 | 0 |
_aCanal de Guadarrama _b: empresa constructora y de explotación de la primera parte del proyecto... |
| 260 |
_aMadrid : _b[s.n.], _c1896 ( _fR. Velasco) |
||
| 300 |
_a28 p., [1] h. pleg. de mapa ; _c22 cm. |
||
| 530 | _aDisponible en formato digital. | ||
| 599 | _aLa h. pleg. de mapa: Canal de Guadarrama. Escala de 1:50.000. | ||
| 651 | 4 |
_aCanal de Guadarrama. _97940 |
|
| 852 |
_aES-MaACL _jT-848-F-4 _z. - Enc. en un vol. facticio conservando la enc. original |
||
| 856 |
_uhttps://bibliotecavirtualmadrid.comunidad.madrid/bvmadrid_publicacion/es/consulta/registro.do?id=1928 _zBiblioteca Digital de la Comunidad de Madrid |
||
| 999 |
_c39358 _d39358 |
||